Regarding the Issue of Insurance Market in Slovak Republic Being a Part of Financial Market

Komerčný poistný trh na Slovensku.

Salvato in:
Dettagli Bibliografici
Autore principale: Drugdová, Barbora
Natura: Capitolo di libro
Lingua:inglese
Soggetti:
Tags: Aggiungi Tag
Nessun Tag, puoi essere il primo ad aggiungerne!!

MARC

LEADER 00000naa a2200000 4500
001 0228895
005 20240502083616.9
041 0 |a eng 
044 |a US 
245 1 0 |a Regarding the Issue of Insurance Market in Slovak Republic Being a Part of Financial Market  |c Barbora Drugdová 
520 |a Komerčný poistný trh na Slovensku. 
610 2 0 |a trh poistný 
610 2 0 |a trh finančný 
610 2 0 |a Slovensko 
610 2 0 |a riziko poistné 
610 2 0 |a poistenie neživotné 
100 1 |a Drugdová, Barbora